000 00543nam a2200229Ia 4500
003 OSt
005 20221005120356.0
006 a|||||r|||| 00| 0
007 ta
008 221004b |||||||| |||| 00| 0 tel d
024 _a61511
037 _cTextual
040 _aCRL
_cCRL
_btel
041 _2tel
_atel
082 _aQ23, 35M9
100 _aRao K.S. Au.
245 0 _aDwadesa jyotir lingala
260 _c1989
650 _aRELIGION
942 _hQ23, 35M9
_cTEXL
_2cc
999 _c1037790
_d1037790